书目信息 |
| 题名: |
暖通空调制图标准
|
|
| 作者: | 中华人民共和国建设部 主编 | |
| 分册: | ||
| 出版信息: |
|
|
| 页数: | ||
| 开本: | ||
| 丛书名: | ||
| 单 册: | ||
| 中图分类: | TU83 | |
| 科图分类: | ||
| 主题词: | 建筑--空气调节 , 房屋建筑设备:空气调节设备 , 房屋建筑设备:采暖设备 , 建筑--通风 , 房屋建筑设备:通风设备 | |
| 电子资源: | ||
| ISBN: | ||
| 000 | 00685nam0 2200205 450 | |
| 001 | 0631330968 | |
| 005 | 20061214084338.18 | |
| 010 | @dCNY8.00 | |
| 100 | @a20061214d km y0chiy0120 ea | |
| 101 | 0 | @achi |
| 200 | 1 | @a暖通空调制图标准@Anuan tong kong diao zhi tu biao zhun@f中华人民共和国建设部主编@Fzhong hua ren min gong he guo jian she bu zhu bian |
| 606 | 0 | @a建筑@x空气调节 |
| 606 | 0 | @a房屋建筑设备:空气调节设备 |
| 606 | 0 | @a房屋建筑设备:采暖设备 |
| 606 | 0 | @a建筑@x通风 |
| 606 | 0 | @a房屋建筑设备:通风设备 |
| 690 | @aTU83@v3 | |
| 701 | 0 | @a中华人民共和国建设部@Azhong hua ren min gong he guo jian she bu@4主编 |
| 801 | 0 | @aCN@bNISOFT@c20061214 |
| 905 | @a10447@dTU83@eJ310 | |
| 暖通空调制图标准/中华人民共和国建设部主编 |
| ISBN :CNY8.00 |
| ● |
| 相关链接 |
|
|
|
正题名:暖通空调制图标准
索取号:TU83/J310
 
预约/预借
| 序号 | 登录号 | 条形码 | 馆藏地/架位号 | 状态 | 备注 |
| 1 | 444534 | 204445341 | 管理学院资料室/ [索取号:TU83/J310] | 在馆 | |
| 2 | 444535 | 204445350 | 管理学院资料室/ [索取号:TU83/J310] | 在馆 |